| 000 | 00453nam a2200181Ia 4500 | ||
|---|---|---|---|
| 001 | 1034 | ||
| 005 | 20260306140602.0 | ||
| 008 | 260306t2004||||xx |||||||||||||| ||spa|| | ||
| 041 | _aESP | ||
| 082 |
_a180 _bG11 |
||
| 100 |
_aGaarder, Jostein _eAUT |
||
| 245 | 0 |
_aEl mundo de Sofía: _bnovela sobre la historia de la filosofía |
|
| 260 | _c2004 | ||
| 300 |
_ax, 638 páginas : _c21cm. |
||
| 650 | _aGEN | ||
| 654 | _aCHU | ||
| 942 |
_cLIB _dJUS _fJUS _2ddc _n |
||
| 999 |
_c1034 _d1034 |
||